| 000 | 00432nam a22001810a 4500 | ||
|---|---|---|---|
| 001 | PT34560 | ||
| 003 | AR-LpoUNG | ||
| 005 | 20210202002552.0 | ||
| 008 | 191001suuuu||||ag |||||||||||||||||spa d | ||
| 040 |
_aAR-LpoUNG _bspa _cAR-LpoUNG _eaacr |
||
| 041 | _aspa | ||
| 082 | 0 | _aA864 169bor | |
| 100 | 1 | _aNalé Roxlo, Conrado | |
| 245 | 1 | 0 | _aBorrador de memorias |
| 260 |
_as.l. _bPlus Ultra, _cs.f. |
||
| 905 | _a34560 | ||
| 942 | _cLIB | ||
| 999 |
_c56751 _d56751 |
||